Tilastot visalle Suomalaisia näyttelijöitä - tunnista kuvista

Klikkaa tästä pelataksesi tätä visaa!

Yleistilastot

  • Tätä visaa on pelattu 125 kertaa
  • Keskiarvotulos 9 / 16

Vastaustilastot

Answer% Oikein
Jasper Pääkkönen
87%
Krista Kosonen
84%
Pamela Tola
75%
Peter Franzén
68%
Tauno Palo
67%
Esko Kovero
65%
Martti Suosalo
61%
Maija-Liisa Peuhu
57%
Laura Birn
56%
Simo Salminen
53%
Tommi Korpela
52%
Tiina Lymi
52%
Pihla Viitala
37%
Outi Mäenpää
27%
Pertti Sveholm
22%
Leo Jokela
19%

Tulosjakauma

Persentiili vastausten määrän mukaan

Jokaisen tuloksen saaneiden osuus

Tuloshistoriasi

Et ole pelannut tätä visaa